[Event "Quebec op"]
[Site "Montreal CAN"]
[Date "1992.08.07"]
[Round "7"]
[White "Duong, Thanh Nha"]
[Black "Delisle, Gilbert"]
[Result "1-0"]
[WhiteElo "2271"]
[BlackElo "1971"]
[PlyCount "107"]
[EventDate "1992.08.01"]
[EventType "swiss"]
[EventRounds "8"]
[EventCountry "CAN"]

1. d4 d5 2. c4 e6 3. Nf3 Nf6 4. Bg5 Be7 5. Nc3 c6 6. e3 Nbd7 7. Bd3 dxc4 8.
Bxc4 a6 9. a4 O-O 10. O-O h6 11. Bh4 c5 12. Qd3 cxd4 13. exd4 Nb6 14. Bb3 Nbd5
15. Rfe1 Nf4 16. Qe3 Ng6 17. Bg3 Re8 18. Rad1 Qb6 19. Bc2 Nf8 20. Ne5 Bd7 21.
Qd3 Bc6 22. Nxc6 bxc6 23. Ne4 Rad8 24. Be5 Nxe4 25. Rxe4 f5 26. Qg3 g6 27. Re2
Rd7 28. Bb3 Bd8 29. Rde1 Kf7 30. Qe3 Bg5 31. Qc3 Bd8 32. Bc4 a5 33. Qe3 Bg5 34.
Qg3 Qb4 35. b3 Bf6 36. Bxf6 Kxf6 37. Qe5+ Kf7 38. h3 Qb6 39. Rd2 Qc7 40. Qc5
Red8 41. Re5 Ra8 42. Rde2 Re7 43. Qa3 Qd7 44. Qb2 Qd6 45. Qd2 h5 46. Qf4 Rd8
47. Qd2 Qxd4 48. Qxd4 Rxd4 49. Rxa5 Rd1+ 50. Kh2 Kf6 51. Ra8 Nd7 52. a5 Ra1 53.
Ra7 e5 54. Rd2 1-0

[Event "Quebec op"]
[Site "Montreal CAN"]
[Date "1992.08.08"]
[Round "8"]
[White "Duong, Thanh Nha"]
[Black "Barbeau, Sylvain"]
[Result "0-1"]
[WhiteElo "2271"]
[BlackElo "2386"]
[PlyCount "90"]
[EventDate "1992.08.01"]
[EventType "swiss"]
[EventRounds "8"]
[EventCountry "CAN"]

1. d4 f5 2. g3 Nf6 3. Bg2 g6 4. Nf3 Bg7 5. O-O O-O 6. c4 d6 7. Nc3 Qe8 8. d5
Na6 9. Nd4 Bd7 10. Rb1 Nc5 11. Ncb5 Qc8 12. b4 a6 13. bxc5 axb5 14. c6 bxc6 15.
dxc6 Be8 16. cxb5 Rxa2 17. Nc2 Bf7 18. Nb4 Ra5 19. Nd5 Nxd5 20. Bxd5 e6 21. Bg2
d5 22. Bd2 Ra2 23. Bb4 Re8 24. Qb3 Qa8 25. Rfc1 Rxe2 26. Bf1 Ra2 27. b6 cxb6
28. c7 Rc8 29. Bd6 Bd4 30. Rc2 Rxc2 31. Qxc2 Be8 32. Qd2 Qc6 33. Qxd4 Qxd6 34.
Rxb6 Qxc7 35. Rxe6 Bf7 36. Ra6 Qc3 37. Qb6 d4 38. Qd6 Qf3 39. Ra3 Qe4 40. Rd3
Rc4 41. Rb3 Rc8 42. Rd3 Rc1 43. Qxd4 Rxf1+ 44. Kxf1 Bc4 45. Qd8+ Kg7 0-1

[Event "Quebec-ch"]
[Site "Montreal CAN"]
[Date "1992.06.01"]
[Round "1"]
[White "Berube, Richard"]
[Black "Duong, Thanh Nha"]
[Result "1/2-1/2"]
[WhiteElo "2319"]
[BlackElo "2309"]
[PlyCount "51"]
[EventDate "1992.06.01"]
[EventType "tourn"]
[EventRounds "9"]
[EventCountry "CAN"]
[Source "ChessBase"]
[SourceDate "1997.11.17"]

1. d4 d5 2. Nf3 e6 3. c4 c6 4. e3 Nf6 5. Nc3 Nbd7 6. Bd3 dxc4 7. Bxc4 b5 8. Bd3
Bb7 9. O-O a6 10. e4 b4 11. e5 bxc3 12. exf6 cxb2 13. fxg7 Bxg7 14. Bxb2 c5 15.
Rb1 Bd5 16. dxc5 Bxb2 17. Rxb2 Nxc5 18. Be2 Qf6 19. Qd4 Qxd4 20. Nxd4 Rg8 21.
Bf3 Rg5 22. h4 Re5 23. Nc6 Rf5 24. Nd4 Re5 25. Nc6 Rf5 26. Nd4 1/2-1/2

[Event "Quebec-ch"]
[Site "Montreal CAN"]
[Date "1992.06.02"]
[Round "2"]
[White "Duong, Thanh Nha"]
[Black "Poitras, Luc"]
[Result "1-0"]
[WhiteElo "2309"]
[BlackElo "2045"]
[PlyCount "71"]
[EventDate "1992.06.01"]
[EventType "tourn"]
[EventRounds "9"]
[EventCountry "CAN"]
[Source "ChessBase"]
[SourceDate "1997.11.17"]

1. e4 g6 2. d4 Bg7 3. Nc3 d6 4. Be3 Nc6 5. d5 Nb8 6. Qd2 c5 7. Bb5+ Bd7 8. Be2
a6 9. a4 Qa5 10. Ra3 Bxc3 11. bxc3 Nf6 12. f3 Bxa4 13. Kf2 b5 14. Nh3 Nbd7 15.
Rha1 Ne5 16. Kg1 h5 17. Qc1 Qc7 18. c4 Rb8 19. Nf2 Ned7 20. cxb5 axb5 21. c4
O-O 22. Rb1 Ra8 23. cxb5 Nb6 24. Nd3 Qd7 25. Nf4 Ne8 26. Nxh5 gxh5 27. Bh6 f6
28. Bxf8 Kxf8 29. Qh6+ Ng7 30. f4 h4 31. Bh5 Kg8 32. Bg6 e5 33. Qh7+ Kf8 34.
Qh8+ Ke7 35. Qxg7+ Kd8 36. Qxf6+ 1-0

[Event "Quebec-ch"]
[Site "Montreal CAN"]
[Date "1992.06.03"]
[Round "3"]
[White "Ross, Dave"]
[Black "Duong, Thanh Nha"]
[Result "1/2-1/2"]
[WhiteElo "2321"]
[BlackElo "2309"]
[PlyCount "69"]
[EventDate "1992.06.01"]
[EventType "tourn"]
[EventRounds "9"]
[EventCountry "CAN"]
[Source "ChessBase"]
[SourceDate "1997.11.17"]

1. d4 d5 2. Nf3 e6 3. c4 c6 4. Nc3 Nd7 5. cxd5 exd5 6. Bg5 Be7 7. Bxe7 Qxe7 8.
e3 Ngf6 9. Bd3 O-O 10. O-O Ne4 11. Bxe4 dxe4 12. Nd2 Nf6 13. Qc2 Bf5 14. Rfc1
Rfd8 15. Ne2 Bg4 16. Ng3 Re8 17. h3 Bd7 18. Qc5 Qe6 19. Nc4 b6 20. Qe5 Qd5 21.
Qxd5 cxd5 22. Ne5 Be6 23. Ne2 Rec8 24. Nc6 Kf8 25. Rc3 Bd7 26. Rac1 Bxc6 27.
Rxc6 Rxc6 28. Rxc6 Rd8 29. g4 h6 30. Ng3 Rd7 31. Rc8+ Ne8 32. Nh5 Ke7 33. Nf4
Nf6 34. Kf1 Kd6 35. Ne2 1/2-1/2

[Event "Quebec-ch"]
[Site "Montreal CAN"]
[Date "1992.06.04"]
[Round "4"]
[White "Duong, Thanh Nha"]
[Black "Reeve, Jeff"]
[Result "1-0"]
[WhiteElo "2309"]
[BlackElo "2297"]
[PlyCount "73"]
[EventDate "1992.06.01"]
[EventType "tourn"]
[EventRounds "9"]
[EventCountry "CAN"]
[Source "ChessBase"]
[SourceDate "1997.11.17"]

1. d4 d5 2. c4 c6 3. Nf3 Nf6 4. Nc3 e6 5. Bg5 h6 6. Bxf6 Qxf6 7. e3 Nd7 8. Bd3
dxc4 9. Bxc4 Bd6 10. O-O Qe7 11. Qd3 O-O 12. Bb3 e5 13. Rad1 Nf6 14. dxe5 Bxe5
15. Nxe5 Qxe5 16. f4 Qc5 17. Qd4 Qxd4 18. Rxd4 c5 19. Rd6 Re8 20. e4 Rf8 21. h3
b6 22. e5 Ne8 23. Rd2 Nc7 24. f5 Re8 25. Nd5 Nxd5 26. Bxd5 Rb8 27. Bc6 Rf8 28.
Rd6 Bb7 29. Bd7 Bc8 30. Bb5 a6 31. Bc6 b5 32. e6 fxe6 33. fxe6 Rxf1+ 34. Kxf1
Kf8 35. Rd8+ Ke7 36. Re8+ Kd6 37. e7 1-0

[Event "Quebec-ch"]
[Site "Montreal CAN"]
[Date "1992.06.05"]
[Round "5"]
[White "Ghannoum, Marc"]
[Black "Duong, Thanh Nha"]
[Result "1/2-1/2"]
[WhiteElo "2061"]
[BlackElo "2309"]
[PlyCount "95"]
[EventDate "1992.06.01"]
[EventType "tourn"]
[EventRounds "9"]
[EventCountry "CAN"]
[Source "ChessBase"]
[SourceDate "1997.11.17"]

1. e4 c6 2. d4 g6 3. c4 d5 4. Nc3 dxe4 5. Nxe4 Bg7 6. Be3 Nh6 7. Qd2 Nf5 8. Nf3
Nxe3 9. Qxe3 Bg4 10. Ne5 Bxe5 11. dxe5 Qa5+ 12. Qc3 Qxc3+ 13. Nxc3 Nd7 14. f4
g5 15. g3 Rg8 16. Bd3 gxf4 17. gxf4 Nc5 18. Bxh7 Rh8 19. Bc2 O-O-O 20. O-O Rd2
21. Rf2 Rxf2 22. Kxf2 Rxh2+ 23. Kg3 Rxc2 24. Kxg4 Rxb2 25. Rh1 Rb4 26. Rh7 Rxc4
27. Rxf7 Rxc3 28. Rxe7 Rc4 29. Kg5 Kd8 30. Rh7 Ne6+ 31. Kf6 Nxf4 32. Rxb7 a5
33. e6 Nd5+ 34. Ke5 Ne7 35. Rd7+ Ke8 36. Kd6 Rd4+ 37. Kc7 c5 38. Kb6 Rxd7 39.
exd7+ Kxd7 40. Kxc5 Nc6 41. Kb6 Kd6 42. Kb5 Kc7 43. Ka6 Kd6 44. Kb6 Kd5 45. Kb5
Kd6 46. Kb6 Kd7 47. Kb5 Kc7 48. Ka6 1/2-1/2

[Event "Quebec-ch"]
[Site "Montreal CAN"]
[Date "1992.06.08"]
[Round "6"]
[White "Duong, Thanh Nha"]
[Black "Desjardins, Andre"]
[Result "1-0"]
[WhiteElo "2309"]
[BlackElo "1998"]
[PlyCount "91"]
[EventDate "1992.06.01"]
[EventType "tourn"]
[EventRounds "9"]
[EventCountry "CAN"]

1. e4 c5 2. Nf3 Nc6 3. Bb5 g6 4. O-O Bg7 5. c3 a6 6. Bxc6 dxc6 7. d3 e5 8. Be3
b6 9. a4 a5 10. d4 exd4 11. cxd4 c4 12. Na3 Ba6 13. Qc2 b5 14. b3 Ne7 15. bxc4
b4 16. Nb1 c5 17. Rd1 Qc7 18. Nbd2 Nc6 19. Nb3 cxd4 20. Nbxd4 Nxd4 21. Bxd4
Bxd4 22. Rxd4 O-O 23. Rad1 Rfd8 24. h4 Rxd4 25. Rxd4 Rc8 26. Nd2 h5 27. Qd3 Bb7
28. Rd7 Qb8 29. Qf3 Rf8 30. Qf6 Qc8 31. Rd6 Qe8 32. e5 Bc8 33. Ne4 b3 34. Qg5
Kg7 35. Nf6 Qxa4 36. Nxh5+ Kh7 37. Qf6 Kh6 38. Qg5+ Kh7 39. Nf6+ Kg7 40. Nh5+
Kh7 41. Qf6 Kh6 42. Qg7+ Kxh5 43. f3 Qa1+ 44. Kh2 Qc1 45. Qh7+ Qh6 46. g4+ 1-0

[Event "Quebec-ch"]
[Site "Montreal CAN"]
[Date "1992.06.09"]
[Round "7"]
[White "Levtchouk, George"]
[Black "Duong, Thanh Nha"]
[Result "0-1"]
[WhiteElo "2318"]
[BlackElo "2309"]
[PlyCount "62"]
[EventDate "1992.06.01"]
[EventType "tourn"]
[EventRounds "9"]
[EventCountry "CAN"]
[Source "ChessBase"]
[SourceDate "1997.11.17"]

1. d4 Nf6 2. c4 g6 3. Nc3 d5 4. Nf3 Bg7 5. Qb3 dxc4 6. Qxc4 O-O 7. e4 a6 8. e5
b5 9. Qb3 Nfd7 10. e6 fxe6 11. Be3 Nb6 12. h4 Nd5 13. h5 Nxe3 14. fxe3 c5 15.
hxg6 hxg6 16. Qc2 e5 17. dxc5 Bf5 18. e4 Bg4 19. Be2 Bxf3 20. gxf3 Nc6 21. Qb3+
Rf7 22. Kf2 Nd4 23. Qd1 e6 24. Qg1 b4 25. Na4 Nxf3 26. Bxf3 Qd2+ 27. Kg3 Qf4+
28. Kh3 Qxf3+ 29. Qg3 Qxe4 30. Raf1 Raf8 31. Qg2 Qd3+ 0-1

[Event "Quebec-ch"]
[Site "Montreal CAN"]
[Date "1992.06.10"]
[Round "8"]
[White "Duong, Thanh Nha"]
[Black "Leveille, Francois"]
[Result "1/2-1/2"]
[WhiteElo "2309"]
[BlackElo "2342"]
[PlyCount "75"]
[EventDate "1992.06.01"]
[EventType "tourn"]
[EventRounds "9"]
[EventCountry "CAN"]
[Source "ChessBase"]
[SourceDate "1997.11.17"]

1. d4 Nf6 2. c4 e6 3. Nc3 Bb4 4. e3 O-O 5. Bd3 d5 6. Nf3 c5 7. O-O cxd4 8. exd4
dxc4 9. Bxc4 b6 10. Bg5 Bb7 11. Rc1 Nbd7 12. a3 Bxc3 13. Rxc3 Rc8 14. Qe2 b5
15. Bxb5 Rxc3 16. bxc3 Qa5 17. Bxd7 Bxf3 18. Qxf3 Qxg5 19. Bc6 Rc8 20. c4 Qg4
21. Qxg4 Nxg4 22. Bf3 Nh6 23. c5 Nf5 24. Rd1 Rd8 25. d5 exd5 26. Rxd5 Rxd5 27.
Bxd5 Kf8 28. f3 Ke7 29. Kf2 Nd4 30. Ke3 Nc2+ 31. Kd3 Nxa3 32. Bc6 Ke6 33. g3 g5
34. Kc3 Ke5 35. Kb3 Nb1 36. Kc2 Na3+ 37. Kb3 Nb1 38. Kc2 1/2-1/2

[Event "Quebec-ch"]
[Site "Montreal CAN"]
[Date "1992.06.12"]
[Round "9"]
[White "Caceres Cortes, Julio"]
[Black "Duong, Thanh Nha"]
[Result "1/2-1/2"]
[WhiteElo "1914"]
[BlackElo "2309"]
[PlyCount "62"]
[EventDate "1992.06.01"]
[EventType "tourn"]
[EventRounds "9"]
[EventCountry "CAN"]
[Source "ChessBase"]
[SourceDate "1997.11.17"]

1. e4 c5 2. Nf3 Nc6 3. d4 cxd4 4. Nxd4 Nf6 5. Nc3 d6 6. Bg5 Bd7 7. Qd2 a6 8.
O-O-O e6 9. f4 Be7 10. Nf3 Qc7 11. Bxf6 gxf6 12. f5 O-O-O 13. Qh6 Kb8 14. g3
Rc8 15. Bh3 Nb4 16. Qd2 Qa5 17. Kb1 d5 18. a3 Rhd8 19. fxe6 Bxe6 20. Bxe6 fxe6
21. exd5 Nxd5 22. Nxd5 Rxd5 23. Qxa5 Rxa5 24. Nd4 Re5 25. Rhe1 Rxe1 26. Rxe1 e5
27. Nf5 Bf8 28. Rd1 Kc7 29. Ne3 Bg7 30. Nf5 Bf8 31. Ne3 Bg7 1/2-1/2

[Event "Open de Montreal"]
[Site "Montreal CAN"]
[Date "1992.05.16"]
[Round "3"]
[White "Morin, Louis"]
[Black "Duong, Thanh Nha"]
[Result "0-1"]
[WhiteElo "1943"]
[BlackElo "2314"]
[PlyCount "68"]
[EventDate "1992.05.15"]
[EventType "swiss"]
[EventRounds "5"]
[EventCountry "CAN"]

1. e4 e5 2. Nf3 Nc6 3. Nc3 Nf6 4. Bb5 Bb4 5. O-O O-O 6. Bxc6 dxc6 7. Nxe5 Qe7
8. d4 Bd6 9. Bf4 c5 10. Nd5 Nxd5 11. exd5 Qh4 12. g3 Qf6 13. Re1 cxd4 14. Qxd4
Bh3 15. Qc3 g5 16. Bd2 Rad8 17. Re4 Qf5 18. Rae1 f6 19. g4 Bxe5 20. Qxh3 Qg6
21. Rxe5 fxe5 22. Rxe5 h6 23. Re6 Rf6 24. Qb3 Rxe6 25. dxe6 Rxd2 26. e7+ Kh7
27. Qe3 Rd1+ 28. Kg2 Qc6+ 29. Kh3 Qe8 30. f4 gxf4 31. Qe4+ Kg7 32. Qe5+ Kf7 33.
Qxf4+ Kxe7 34. Qxh6 Rd6 0-1

[Event "Quebec op"]
[Site "Montreal CAN"]
[Date "1991.07.27"]
[Round "1"]
[White "Gaulin, Gaetan"]
[Black "Duong, Thanh Nha"]
[Result "1/2-1/2"]
[WhiteElo "1923"]
[BlackElo "2315"]
[PlyCount "121"]
[EventDate "1991.07.27"]
[EventType "swiss"]
[EventRounds "8"]
[EventCountry "CAN"]

1. Nf3 c5 2. c4 g6 3. g3 Bg7 4. Bg2 Nc6 5. Nc3 d6 6. d3 Nh6 7. O-O O-O 8. Bd2
Nf5 9. Rb1 Bd7 10. a3 a5 11. Ne1 h5 12. h4 e6 13. Ne4 Qe7 14. Bc3 d5 15. Bxg7
Kxg7 16. cxd5 exd5 17. Nc3 d4 18. Nd5 Qd6 19. Nc2 b5 20. b4 axb4 21. axb4 Rab8
22. Qd2 Be6 23. bxc5 Qxc5 24. Ncb4 Nxb4 25. Qxb4 Rfc8 26. Qxc5 Rxc5 27. Nb4 Rc3
28. Ra1 Rbc8 29. Rfb1 Nd6 30. Bf3 Bg4 31. Kg2 Re8 32. Rb2 Bxf3+ 33. Kxf3 Nc4
34. Rba2 Rb3 35. Nc6 Ne5+ 36. Nxe5 Rxe5 37. Rc1 Rf5+ 38. Kg2 Rd5 39. Rac2 Rd7
40. Rc7 Rxc7 41. Rxc7 Kf6 42. Kf3 Ke6 43. Rb7 Rb2 44. e3 dxe3 45. Kxe3 b4 46.
Rb6+ Kf5 47. Kf3 b3 48. Rb7 Ke6 49. Ke3 Rb1 50. Kd4 f6 51. Rb5 b2 52. f3 Rg1
53. Rxb2 Rxg3 54. Ke3 Rh3 55. Rb6+ Kf7 56. Rb4 Kg7 57. Kf2 Rh2+ 58. Kg3 Rd2 59.
Rb7+ Kh6 60. Rf7 Rxd3 61. Rxf6 1/2-1/2

[Event "Quebec op"]
[Site "Montreal CAN"]
[Date "1991.07.29"]
[Round "3"]
[White "Beauchamp, Jean-Pierre"]
[Black "Duong, Thanh Nha"]
[Result "0-1"]
[WhiteElo "2088"]
[BlackElo "2315"]
[PlyCount "100"]
[EventDate "1991.07.27"]
[EventType "swiss"]
[EventRounds "8"]
[EventCountry "CAN"]

1. e4 c5 2. Nf3 Nc6 3. d4 cxd4 4. Nxd4 Nf6 5. Nc3 e5 6. Ndb5 d6 7. Bg5 a6 8.
Na3 b5 9. Bxf6 gxf6 10. Nd5 Bg7 11. Bd3 Ne7 12. Nxe7 Qxe7 13. c4 f5 14. O-O O-O
15. Re1 Bb7 16. Qh5 fxe4 17. Bxe4 Bxe4 18. Rxe4 f5 19. Rh4 h6 20. cxb5 d5 21.
Nc2 axb5 22. Rh3 d4 23. Qe2 Qc5 24. Rb3 Rfc8 25. Ne1 Qc4 26. Qf3 Rf8 27. Qb7
Rab8 28. Qa7 Rbc8 29. Qd7 e4 30. Rg3 Rf7 31. Qd6 Rc6 32. Qd8+ Kh7 33. b3 Qc5
34. Rd1 Rc8 35. Rxg7+ Kxg7 36. Qxd4+ Qxd4 37. Rxd4 Rc1 38. Kf1 Ra1 39. Rd2 Rc7
40. Re2 Rc3 41. g3 Kf6 42. Kg2 Rcc1 43. Kf1 b4 44. h3 Kg5 45. Re3 Rxa2 46. f3
exf3 47. Rxf3 Rh2 48. Re3 Rb2 49. Re5 Kf6 50. Re3 Rc3 0-1

[Event "Quebec op"]
[Site "Montreal CAN"]
[Date "1991.07.30"]
[Round "4"]
[White "Duong, Thanh Nha"]
[Black "Saint-Pierre, Benoit"]
[Result "1-0"]
[WhiteElo "2315"]
[BlackElo "2156"]
[PlyCount "79"]
[EventDate "1991.07.27"]
[EventType "swiss"]
[EventRounds "8"]
[EventCountry "CAN"]

1. d4 Nf6 2. c4 e5 3. e3 exd4 4. exd4 d5 5. Nc3 Be7 6. cxd5 Nxd5 7. Bc4 c6 8.
Qb3 Bb4 9. Nge2 Bxc3+ 10. bxc3 O-O 11. O-O b6 12. Bd3 Qh4 13. c4 Nc7 14. Ba3
Rd8 15. Rfe1 Be6 16. Qc2 h6 17. Rad1 Nd7 18. Bd6 Rac8 19. Bg3 Qf6 20. Nc3 Ne8
21. Qe2 Qe7 22. d5 cxd5 23. cxd5 Rxc3 24. dxe6 fxe6 25. Bc4 Nf8 26. Rxd8 Qxd8
27. Be5 Ra3 28. Bb2 Ra5 29. Bxe6+ Kh8 30. Bb3 Nf6 31. Qc4 N8d7 32. Rd1 Rc5 33.
Qe6 Qc7 34. h3 Qc6 35. Rd6 Qc7 36. Qe7 Rc6 37. Rd1 Kh7 38. Ba4 b5 39. Bxb5 Rc2
40. Bd3+ 1-0

[Event "Quebec op"]
[Site "Montreal CAN"]
[Date "1991.07.31"]
[Round "5"]
[White "Reeve, Jeff"]
[Black "Duong, Thanh Nha"]
[Result "1/2-1/2"]
[WhiteElo "2307"]
[BlackElo "2315"]
[PlyCount "102"]
[EventDate "1991.07.27"]
[EventType "swiss"]
[EventRounds "8"]
[EventCountry "CAN"]

1. e4 e5 2. Nf3 Nc6 3. Bb5 a6 4. Bxc6 dxc6 5. O-O f6 6. d4 exd4 7. Nxd4 c5 8.
Nb3 Qxd1 9. Rxd1 Bd6 10. Be3 b6 11. Nc3 Ne7 12. a4 O-O 13. f3 Be5 14. a5 c4 15.
Nd4 b5 16. f4 Bd6 17. Nf3 Ng6 18. f5 Ne5 19. Nxe5 Bxe5 20. Bd4 Bd6 21. Kf2 Re8
22. Kf3 Bb7 23. Re1 Rad8 24. Bg1 Re5 25. g4 Rde8 26. Bf2 Bb4 27. Bg3 Bxc3 28.
bxc3 Rxe4 29. Kf2 Rxe1 30. Rxe1 Rxe1 31. Kxe1 Bf3 32. h3 Bg2 33. h4 Bh3 34. g5
fxg5 35. hxg5 Bxf5 36. Bxc7 Bxc2 37. Bd6 Kf7 38. Kd2 Bf5 39. Ke3 h5 40. gxh6
gxh6 41. Kf4 Ke6 42. Bf8 h5 43. Kg5 Bg4 44. Kh4 Kd5 45. Bb4 Ke4 46. Bf8 Kd3 47.
Bb4 Kc2 48. Kg3 Kb3 49. Kh4 Ka4 50. Kg3 Bd1 51. Kh4 Bb3 1/2-1/2

[Event "Quebec op"]
[Site "Montreal CAN"]
[Date "1991.08.01"]
[Round "6"]
[White "Barsov, Alexei"]
[Black "Duong, Thanh Nha"]
[Result "1/2-1/2"]
[WhiteElo "2475"]
[BlackElo "2315"]
[PlyCount "42"]
[EventDate "1991.07.27"]
[EventType "swiss"]
[EventRounds "8"]
[EventCountry "CAN"]

1. d4 d5 2. c4 e6 3. Nc3 c6 4. e3 f5 5. Bd3 Nf6 6. Nge2 Bd6 7. f3 e5 8. cxd5 e4
9. fxe4 fxe4 10. Bxe4 O-O 11. Qb3 Kh8 12. Bd2 cxd5 13. Bxd5 Nxd5 14. Qxd5 Nc6
15. a3 Qe7 16. e4 h6 17. Be3 Be6 18. Qh5 Bf7 19. Qg4 Be6 20. Qh5 Bf7 21. Qg4
Be6 1/2-1/2

[Event "Quebec op"]
[Site "Montreal CAN"]
[Date "1991.08.02"]
[Round "7"]
[White "Duong, Thanh Nha"]
[Black "Spraggett, Grant"]
[Result "0-1"]
[WhiteElo "2315"]
[BlackElo "2320"]
[PlyCount "104"]
[EventDate "1991.07.27"]
[EventType "swiss"]
[EventRounds "8"]
[EventCountry "CAN"]

1. d4 Nf6 2. c4 c5 3. d5 b5 4. cxb5 a6 5. b6 d6 6. Nc3 Nbd7 7. e4 g6 8. a4 Qxb6
9. a5 Qb7 10. f4 Bg7 11. Nf3 O-O 12. Bd3 Ne8 13. O-O Nc7 14. Qe2 Nf6 15. Na4
Nb5 16. Nb6 Rb8 17. Re1 Nd7 18. Nxc8 Rfxc8 19. Bc4 Nd4 20. Nxd4 Bxd4+ 21. Kh1
Ra8 22. Ra3 Rcb8 23. h4 Nf6 24. Rg3 Kh8 25. b3 h5 26. Bb2 Bxb2 27. Qxb2 Qb4 28.
Qa1 Kg8 29. Re2 Ng4 30. e5 Qb7 31. f5 dxe5 32. fxg6 f6 33. Rxg4 hxg4 34. Rxe5
Kg7 35. Re6 Rd8 36. Qe1 Rd7 37. Qe4 Rh8 38. Qxg4 Rd6 39. Re4 Qd7 40. Qe2 e6 41.
Qf3 Qc7 42. h5 Qxa5 43. g4 Qa1+ 44. Kg2 Qb2+ 45. Kh3 Qc1 46. Re3 a5 47. Rc3 Qd2
48. Rd3 Qg5 49. Qf2 f5 50. Qh4 fxg4+ 51. Qxg4 Rxh5+ 52. Kg3 e5 0-1

[Event "Quebec op"]
[Site "Montreal CAN"]
[Date "1991.08.03"]
[Round "8"]
[White "Duong, Thanh Nha"]
[Black "Angers, Gilles"]
[Result "1-0"]
[WhiteElo "2315"]
[BlackElo "1939"]
[PlyCount "71"]
[EventDate "1991.07.27"]
[EventType "swiss"]
[EventRounds "8"]
[EventCountry "CAN"]

1. e4 c6 2. d4 d5 3. e5 Bf5 4. Ne2 e6 5. Ng3 Bg6 6. h4 h5 7. Be2 Be7 8. Bxh5
Bxh5 9. Nxh5 g6 10. Nf4 Rxh4 11. Rxh4 Bxh4 12. Qg4 Nh6 13. Qh3 Nf5 14. c3 Kd7
15. g4 Ng7 16. Ng2 g5 17. Nxh4 gxh4 18. Bh6 Ne8 19. Nd2 Na6 20. O-O-O Rc8 21.
f4 Kc7 22. Bg5 Qd7 23. Bxh4 Kb8 24. Kb1 c5 25. dxc5 Nxc5 26. Nb3 Qa4 27. Rd4
Qb5 28. Nxc5 Qxc5 29. Bf2 Nc7 30. a4 Na6 31. f5 Qf8 32. g5 Nc5 33. Be3 Qg7 34.
Rh4 exf5 35. Qxf5 Ne6 36. Rh7 1-0

[Event "Club International"]
[Site "Montreal CAN"]
[Date "1991.07.13"]
[Round "3"]
[White "Duong, Thanh Nha"]
[Black "Teuton, Frank"]
[Result "1-0"]
[WhiteElo "2305"]
[BlackElo "2094"]
[PlyCount "61"]
[EventDate "1991.07.14"]
[EventType "swiss"]
[EventRounds "5"]
[EventCountry "CAN"]

1. d4 Nf6 2. c4 c5 3. d5 b5 4. cxb5 a6 5. b6 d6 6. Nc3 Nbd7 7. e4 g6 8. a4 Qxb6
9. a5 Qd8 10. Nf3 Bg7 11. Be2 O-O 12. O-O Rb8 13. Nd2 Ne8 14. f4 Nc7 15. Nc4
Nb5 16. Na4 Nd4 17. Nab6 Nxb6 18. Nxb6 Rxb6 19. axb6 Qxb6 20. Bc4 e6 21. Kh1
exd5 22. Bxd5 Bd7 23. Rf2 Bb5 24. f5 Qd8 25. fxg6 hxg6 26. Qg4 Bd7 27. Qxg6 Ne6
28. Qh5 Bd4 29. Qf3 Be5 30. Ra3 Qe7 31. Qh3 1-0

[Event "Semi-Rapides Jan 1991"]
[Site "Montreal CAN"]
[Date "1991.01.25"]
[Round "4"]
[White "Duong, Thanh Nha"]
[Black "Beaudry, Marc-Andre"]
[Result "0-1"]
[WhiteElo "2173"]
[BlackElo "1962"]
[PlyCount "54"]
[EventDate "1991.01.25"]
[EventType "swiss (rapid)"]
[EventRounds "5"]
[EventCountry "CAN"]

1. d4 Nf6 2. c4 c5 3. d5 b5 4. cxb5 a6 5. e3 axb5 6. Bxb5 Qa5+ 7. Nc3 Bb7 8.
Nge2 Nxd5 9. O-O Nxc3 10. Nxc3 e6 11. e4 Be7 12. e5 O-O 13. Bd3 f5 14. exf6
Bxf6 15. Ne4 Bd4 16. Ng5 h6 17. Nh3 e5 18. Qh5 Qb6 19. Kh1 d5 20. f3 Na6 21.
Qg6 Qxg6 22. Bxg6 Rf6 23. Bd3 Nb4 24. Bb1 c4 25. a3 Nd3 26. Bxd3 cxd3 27. Rb1
e4 0-1

[Event "Pere Noel"]
[Site "Montreal CAN"]
[Date "1990.12.30"]
[Round "5"]
[White "Duong, Thanh Nha"]
[Black "Beaudry, Marc-Andre"]
[Result "1-0"]
[WhiteElo "2231"]
[BlackElo "2028"]
[PlyCount "44"]
[EventDate "1990.12.26"]
[EventType "swiss"]
[EventRounds "5"]
[EventCountry "CAN"]

1. d4 Nf6 2. Nf3 b6 3. c4 e6 4. Bg5 Bb7 5. e3 Be7 6. Nc3 d5 7. Bd3 O-O 8. O-O
h6 9. Bxf6 Bxf6 10. cxd5 exd5 11. Rc1 a6 12. Bb1 Qd6 13. Qc2 g6 14. e4 dxe4 15.
Nxe4 Bxe4 16. Qxe4 Ra7 17. Rfd1 Rd8 18. Bc2 c6 19. Bb3 Kg7 20. Ne5 Rc7 21. f4
Qf8 22. Bxf7 Rxf7 1-0

[Event "Quebec op"]
[Site "Montreal CAN"]
[Date "1990.08.04"]
[Round "1"]
[White "Duong, Thanh Nha"]
[Black "Hamel, Jean-Claude"]
[Result "1-0"]
[WhiteElo "2224"]
[BlackElo "1917"]
[PlyCount "93"]
[EventDate "1990.08.04"]
[EventType "swiss"]
[EventRounds "8"]
[EventCountry "CAN"]

1. Nf3 Nf6 2. c4 d6 3. Nc3 g6 4. g3 Bg7 5. Bg2 O-O 6. d4 Nbd7 7. O-O e5 8. e3
c6 9. b3 e4 10. Nd2 d5 11. cxd5 cxd5 12. Ba3 Re8 13. Rc1 Qa5 14. Bd6 Re6 15. b4
Qb6 16. Bc5 Nxc5 17. bxc5 Qd8 18. Qb3 b6 19. Na4 Ba6 20. Rfe1 Rc8 21. Bh3 Rcc6
22. Bxe6 Rxe6 23. cxb6 axb6 24. Qc2 Ne8 25. Nc3 Bf8 26. Qb3 Nc7 27. a4 h5 28.
Nb5 Ne8 29. Qc3 Bb7 30. f3 h4 31. f4 hxg3 32. hxg3 g5 33. Re2 Qd7 34. Nf1 Rg6
35. Rcc2 gxf4 36. exf4 Qg4 37. Rg2 Bg7 38. Qd2 Qd7 39. Ne3 f5 40. g4 fxg4 41.
f5 Rg5 42. Rxg4 Rxg4+ 43. Nxg4 Qxf5 44. Nh6+ Bxh6 45. Qxh6 Ng7 46. Rg2 Qf7 47.
Nd6 1-0

[Event "Quebec op"]
[Site "Montreal CAN"]
[Date "1990.08.05"]
[Round "2"]
[White "Desforges, Jean"]
[Black "Duong, Thanh Nha"]
[Result "1-0"]
[WhiteElo "1994"]
[BlackElo "2224"]
[PlyCount "72"]
[EventDate "1990.08.04"]
[EventType "swiss"]
[EventRounds "8"]
[EventCountry "CAN"]

1. d4 Nf6 2. c4 c5 3. Nf3 cxd4 4. Nxd4 e5 5. Nb5 d5 6. cxd5 Bc5 7. d6 O-O 8. a3
Bg4 9. Nc7 Nc6 10. f3 Rc8 11. Nc3 Bf5 12. Bg5 Qxd6 13. Qxd6 Bxd6 14. N7b5 Be7
15. Bxf6 Bxf6 16. Nd5 Rfd8 17. e4 Ne7 18. Nxf6+ gxf6 19. g4 Bg6 20. Rd1 a6 21.
Nc3 Nc6 22. Be2 Nd4 23. Kf2 Kg7 24. Rd2 h5 25. h3 Rh8 26. Kg2 hxg4 27. hxg4
Rxh1 28. Kxh1 Bh7 29. Kg2 Bg8 30. Bd1 Rc4 31. Ne2 Nxe2 32. Bxe2 Rc7 33. Bd1 f5
34. gxf5 f6 35. Kf2 Kf7 36. Ba4 b5 1-0

[Event "Quebec op"]
[Site "Montreal CAN"]
[Date "1990.08.08"]
[Round "5"]
[White "Duong, Thanh Nha"]
[Black "Delisle, Claude"]
[Result "1-0"]
[WhiteElo "2224"]
[BlackElo "1930"]
[PlyCount "27"]
[EventDate "1990.08.04"]
[EventType "swiss"]
[EventRounds "8"]
[EventCountry "CAN"]

1. d4 e6 2. Nf3 f5 3. e4 fxe4 4. Ng5 Nf6 5. f3 e3 6. Bxe3 b6 7. Bd3 Qe7 8. c3
Bb7 9. Qc2 Nd5 10. Bd2 g6 11. Bxg6+ hxg6 12. Qxg6+ Kd8 13. Nf7+ Kc8 14. Bg5 1-0